<?xml version="1.0" encoding="UTF-8"?>
<record
    xmlns:xsi="http://www.w3.org/2001/XMLSchema-instance"
    xsi:schemaLocation="http://www.loc.gov/MARC21/slim http://www.loc.gov/standards/marcxml/schema/MARC21slim.xsd"
    xmlns="http://www.loc.gov/MARC21/slim">

  <leader>01333nam a22002897a 4500</leader>
  <controlfield tag="005">20141001020002.0</controlfield>
  <controlfield tag="008">091121s2010    ck abo  r    a000 0 spa d</controlfield>
  <datafield tag="020" ind1=" " ind2=" ">
    <subfield code="a">9789588513454</subfield>
  </datafield>
  <datafield tag="041" ind1="0" ind2=" ">
    <subfield code="a">spa</subfield>
  </datafield>
  <datafield tag="044" ind1=" " ind2=" ">
    <subfield code="a">ck</subfield>
  </datafield>
  <datafield tag="082" ind1="0" ind2="4">
    <subfield code="a">912.861</subfield>
    <subfield code="b">S62a</subfield>
  </datafield>
  <datafield tag="110" ind1="2" ind2=" ">
    <subfield code="a">Sistema Departamental de Areas Protegidas de Antioquia</subfield>
    <subfield code="9">24979</subfield>
  </datafield>
  <datafield tag="245" ind1="1" ind2="0">
    <subfield code="a">Atlas &#xE1;reas protegidas Departamento de Antioquia</subfield>
  </datafield>
  <datafield tag="260" ind1=" " ind2=" ">
    <subfield code="a">Medell&#xED;n</subfield>
    <subfield code="b">Invemar</subfield>
    <subfield code="b">Gobernaci&#xF3;n de Antioquia</subfield>
    <subfield code="b">Sistema Departamental de Areas Protegidas de Antioquia</subfield>
    <subfield code="c">2010</subfield>
  </datafield>
  <datafield tag="300" ind1=" " ind2=" ">
    <subfield code="a">152 p.</subfield>
    <subfield code="b">il., fotos, gr&#xE1;ficas y mapas</subfield>
    <subfield code="c">33 cm.</subfield>
  </datafield>
  <datafield tag="504" ind1=" " ind2=" ">
    <subfield code="a">Incluye referencias bibliogr&#xE1;ficas.</subfield>
  </datafield>
  <datafield tag="650" ind1="1" ind2="4">
    <subfield code="a">Ecolog&#xED;a costera</subfield>
    <subfield code="z">Regi&#xF3;n del Golfo de Urab&#xE1; (Colombia)</subfield>
    <subfield code="9">27352</subfield>
  </datafield>
  <datafield tag="650" ind1="2" ind2="4">
    <subfield code="a">Biolog&#xED;a costera</subfield>
    <subfield code="z">Regi&#xF3;n del Golfo de Urab&#xE1; (Colombia)</subfield>
    <subfield code="9">27353</subfield>
  </datafield>
  <datafield tag="650" ind1="2" ind2="4">
    <subfield code="a">Ecosistemas costeros</subfield>
    <subfield code="z">Regi&#xF3;n del Golfo de Urab&#xE1; (Colombia)</subfield>
    <subfield code="9">27354</subfield>
  </datafield>
  <datafield tag="650" ind1="2" ind2="4">
    <subfield code="a">Ecolog&#xED;a costera</subfield>
    <subfield code="z">Urab&#xE1; (Antioquia, Colombia)</subfield>
    <subfield code="9">27355</subfield>
  </datafield>
  <datafield tag="650" ind1="2" ind2="4">
    <subfield code="a">Biolog&#xED;a costera</subfield>
    <subfield code="z">Urab&#xE1; (Antioquia, Colombia)</subfield>
    <subfield code="9">27356</subfield>
  </datafield>
  <datafield tag="650" ind1=" " ind2="4">
    <subfield code="a">Areas protegidas</subfield>
    <subfield code="y">Antioquia (Dpt. Colombia)</subfield>
    <subfield code="9">27357</subfield>
  </datafield>
  <datafield tag="651" ind1=" " ind2="4">
    <subfield code="a">Regi&#xF3;n del Golfo de Urab&#xE1; (Colombia)</subfield>
    <subfield code="x">Historia</subfield>
    <subfield code="9">27358</subfield>
  </datafield>
  <datafield tag="651" ind1=" " ind2="4">
    <subfield code="a">Regi&#xF3;n del Golfo de Urab&#xE1; (Colombia)</subfield>
    <subfield code="x">Aspectos socioecon&#xF3;micos</subfield>
    <subfield code="9">27359</subfield>
  </datafield>
  <datafield tag="700" ind1="1" ind2=" ">
    <subfield code="a">C&#xE1;ceres-C&#xE1;rdenas, Ra&#xFA;l Alberto</subfield>
    <subfield code="d">textos</subfield>
    <subfield code="9">27360</subfield>
  </datafield>
  <datafield tag="942" ind1=" " ind2=" ">
    <subfield code="2">ddc</subfield>
    <subfield code="c">Referencia</subfield>
    <subfield code="0">1</subfield>
  </datafield>
  <datafield tag="999" ind1=" " ind2=" ">
    <subfield code="c">8558</subfield>
    <subfield code="d">8558</subfield>
  </datafield>
  <datafield tag="952" ind1=" " ind2=" ">
    <subfield code="0">0</subfield>
    <subfield code="1">0</subfield>
    <subfield code="2">ddc</subfield>
    <subfield code="4">0</subfield>
    <subfield code="7">0</subfield>
    <subfield code="8">REFERENCIA</subfield>
    <subfield code="I">INV2017</subfield>
    <subfield code="a">Venado</subfield>
    <subfield code="b">Venado</subfield>
    <subfield code="d">2014-07-21</subfield>
    <subfield code="e">Instituto</subfield>
    <subfield code="g">39000.00</subfield>
    <subfield code="l">1</subfield>
    <subfield code="o">RF-912.861 S62a</subfield>
    <subfield code="p">034156</subfield>
    <subfield code="r">2014-10-02 00:00:00</subfield>
    <subfield code="s">2014-09-30</subfield>
    <subfield code="t">Ej. 1</subfield>
    <subfield code="w">2014-07-21</subfield>
    <subfield code="x">Donacion</subfield>
    <subfield code="y">Referencia</subfield>
  </datafield>
  <datafield tag="952" ind1=" " ind2=" ">
    <subfield code="0">0</subfield>
    <subfield code="1">0</subfield>
    <subfield code="2">ddc</subfield>
    <subfield code="4">0</subfield>
    <subfield code="7">0</subfield>
    <subfield code="8">REFERENCIA</subfield>
    <subfield code="a">Bogota</subfield>
    <subfield code="b">Bogota</subfield>
    <subfield code="d">2020-03-17</subfield>
    <subfield code="l">0</subfield>
    <subfield code="o">RF-912.861 S62a</subfield>
    <subfield code="p">034145</subfield>
    <subfield code="r">2020-03-17 00:00:00</subfield>
    <subfield code="t">Ej. 2</subfield>
    <subfield code="w">2020-03-17</subfield>
    <subfield code="x">Donacion</subfield>
    <subfield code="y">Referencia</subfield>
  </datafield>
</record>
